| 000 | 00576nam a2200205Ia 4500 | ||
|---|---|---|---|
| 005 | 20250508164438.0 | ||
| 008 | 008 250505s9999 xx 000 0 eng d | ||
| 037 | _aTextual | ||
| 040 |
_aFEDL _beng _cFEDL |
||
| 041 |
_aeng _2eng |
||
| 084 |
_a950, KHO _qFEDL |
||
| 100 |
_aKhosla I P Ed. _924548 |
||
| 245 | 0 | _aSpotlight on neighbours: Talks at the IIC | |
| 260 |
_aDelhi, India _bKonark Publishers Pvt Ltd _c2008 |
||
| 300 | _ax,292p. | ||
| 365 |
_aINR _b600 |
||
| 650 |
_aHistory - Asia _9778170 |
||
| 942 |
_cTEXL _h950, KHO |
||
| 999 |
_c1389172 _d1389172 |
||